Religion Quiz

Random Religion or Book Quiz

Catholic Books of the Bible Quiz Stats

Quiz not verified by Sporcle

Challenge
Share
Tweet
Embed
Score 0/74 Timer 10:00
0 Plays Today
% Correct
Genesis
97.7%
Exodus
96.2%
Leviticus
94.3%
Numbers
93.8%
Deuteronomy
92.4%
John
90.7%
John
90.7%
Mark
90.5%
Luke
90.3%
Ruth
90.2%
Matthew
90.2%
Psalms
89.3%
1 Kings
87.4%
2 Kings
87.4%
Revelation
86.6%
Acts
86%
Judges
85.9%
Joshua
84.4%
Job
83.8%
Proverbs
83.1%
1 Samuel
82.8%
2 Samuel
82.7%
Esther
82.7%
Romans
82.6%
Song of Songs
82.5%
Isaiah
81.1%
1 Corinthians
80.7%
2 Corinthians
80.5%
1 Chronicles
80.3%
2 Chronicles
80.2%
2 John
79.2%
1 John
79.1%
Jeremiah
78%
Ezra
77.8%
3 John
77.8%
1 Peter
77.7%
2 Peter
77.6%
% Correct
Daniel
76.7%
1 Maccabees
75.9%
Ephesians
75.8%
Ezekiel
75.6%
Jude
75.5%
2 Maccabees
75.5%
Nehemiah
75.2%
Ecclesiastes
75.1%
Galatians
74.7%
Wisdom
74.5%
Tobit
74.2%
Jonah
74%
James
72.8%
Hebrews
72.6%
Philippians
72.3%
1 Timothy
72.3%
2 Timothy
72.2%
1 Thessalonians
72%
2 Thessalonians
71.8%
Lamentations
70.9%
Judith
70.3%
Malachi
70.2%
Colossians
70.1%
Amos
69.9%
Zechariah
68.7%
Titus
68.6%
Hosea
68.2%
Obadiah
68%
Micah
67.7%
Philemon
66.8%
Sirach
66.6%
Joel
66.2%
Habakkuk
65%
Zephaniah
64.6%
Baruch
62.9%
Haggai
62.2%
Nahum
60.2%

You're not logged in!

Compare scores with friends on all Sporcle quizzes.
Sign Up with Email
OR
Log In

You Might Also Like...

Show Comments

Extras

Top Quizzes Today


Score Distribution

Your Account Isn't Verified!

In order to create a playlist on Sporcle, you need to verify the email address you used during registration. Go to your Sporcle Settings to finish the process.